Manipulace, sklady a skladovací zařízení z hlediska bezpečnosti práce : 1. část. Manipulační práce

Guardado en:
Detalles Bibliográficos
Autores principales: Novotný, Karel (Autor), Loveček, Karel (Autor)
Formato: Libro
Lenguaje:checo
Publicado: Rožnov pod Radhoštěm : RoVS, 1995
Edición:1. vyd.
Materias:
Acceso en línea:OBSAH
Etiquetas: Agregar Etiqueta
Sin Etiquetas, Sea el primero en etiquetar este registro!

MARC

LEADER 00000nam a22000003a 4500
001 stu61376
005 20150617225651.0
008 011008s1995----xr------------------cze-d
040 |a STU  |b slo 
041 0 |a cze 
044 |a xr 
080 |a 65.012.34:331.45 
100 1 |a Novotný, Karel  |4 aut 
245 1 |a Manipulace, sklady a skladovací zařízení z hlediska bezpečnosti práce :  |b 1. část. Manipulační práce 
250 |a 1. vyd. 
260 |a Rožnov pod Radhoštěm :  |b RoVS,  |c 1995 
300 |a 71 s 
650 7 |a BOZ  |2 stusub 
650 7 |a logistika  |2 stusub 
700 1 |a Loveček, Karel  |4 aut 
856 4 |a https://sweb.mtf.stuba.sk/obsahy/manipulacni_prace_95.pdf  |u https://sweb.mtf.stuba.sk/obsahy/manipulacni_prace_95.pdf  |3 OBSAH 
996 |b 284M033329  |c M*10753-1  |l MMST  |s A  |a 24  |w stu61376_0001 
996 |b 284M033330  |c M*10753-2  |l MMKN  |s A  |a 24  |w stu61376_0002